00949 2200301 4500001002100000005001500021035002000036007000300056008004100059040002200100082001700122084001900139090002100158100003000179245009300209300002500302650004600327700002600373850001200399041001300411264004000424336002100464337003000485338002300515546004600538440004300584990002000627INLIS00000000087084920220624015017 a0010-0622000439ta220624s1913 xx g d 0 0 fre d aYOPDYOGbinderda04223a443.3931 a443.3931 REU d aL 443.3931 REU d1 aReum, AlbrechtePengarang10aDictionnaire de style :ba l'usage des Neerlandais /cpenyusun, Albrecht Reum, W. Cramer a696 halaman ;c24 cm 4aBahasa Prancis--vKamusxBahasa Belanda--1 aCramer, W.ePengarang aYOPDYOG1 afrehdut31aGouda :bG.B. van Goor Zonen,c1913 2rdacontentateks 2rdamediaatanpa perantara 2rdacarrieravolume aTeks berbahasa Prancis dan bahasa Belanda aGuide-Lexique de Composition Francaise a68761-PD/A.2022